[Event "DEM U12/U12w 2015"]
[Site "Willingen GER"]
[Date "2015.05.24"]
[Round "1"]
[White "Henning, Marvin"]
[Black "Basovskiy, Jana"]
[Result "1/2-1/2"]
[Termination "normal"]
[Board "23"]
[WhiteElo "1791"]
[BlackElo "1367"]
[PlyCount "125"]
[WhiteFideId "12957399"]
[BlackFideId "16208617"]
[EventCountry "GER"]
[EventRounds "11"]
[EventType "swiss"]
[EventDate "2015.05.23"]

1. e4 e5 2. Nf3 d6 3. d4 Nd7 4. Bc4 c6 5. Nc3 Be7 6. a4 a5 7. O-O Ngf6 8. Re1
O-O 9. b3 Qc7 10. Ba3 Nb6 11. Bf1 Bg4 12. dxe5 dxe5 13. Bxe7 Qxe7 14. h3 Rad8
15. Bd3 Bxf3 16. Qxf3 Nbd7 17. Rad1 Nc5 18. Bc4 Rd4 19. Rxd4 exd4 20. Ne2 Qxe4
21. Qxe4 Ncxe4 22. Nxd4 Rd8 23. Nf3 Kf8 24. Re2 Nc3 25. Re3 Nce4 26. Ne5 Rd1+
27. Kh2 Nxf2 28. Bxf7 Rh1+ 29. Kg3 N2e4+ 30. Kf4 Rf1+ 31. Rf3 Rxf3+ 32. Kxf3
Ng5+ 33. Ke3 Nxf7 34. Nc4 Nd5+ 35. Ke2 Nb4 36. Kd2 Ke7 37. c3 Nd5 38. Nxa5 Nd6
39. c4 Nf4 40. c5 Nf5 41. g4 Nh4 42. Nxb7 Nxh3 43. Ke3 Kd7 44. Nd6 Kc7 45. Ne8+
Kb7 46. Nxg7 Ng6 47. Ne8 Ne5 48. Nf6 h6 49. Kd4 Nf3+ 50. Ke3 Ne5 51. Ke4 Ng6
52. Ke3 Ne7 53. Ne4 Nd5+ 54. Kd4 Ka6 55. Ke5 Ne3 56. Nf6 Nf2 57. Kf4 Nd5+ 58.
Nxd5 cxd5 59. Ke5 Nxg4+ 60. Kxd5 h5 61. Ke4 Nf6+ 62. Kf4 Ka5 63. Kg5 1/2-1/2

[Event "DEM U12/U12w 2015"]
[Site "Willingen GER"]
[Date "2015.05.24"]
[Round "1"]
[White "Gheng, Dominik"]
[Black "Stelljes, Fabian"]
[Result "1-0"]
[Termination "normal"]
[Board "25"]
[WhiteElo "1771"]
[BlackElo "1342"]
[PlyCount "51"]
[WhiteFideId "12906778"]
[BlackFideId "16201370"]
[EventCountry "GER"]
[EventRounds "11"]
[EventType "swiss"]
[EventDate "2015.05.23"]

1. e4 d5 2. exd5 Nf6 3. Bb5+ Bd7 4. Bxd7+ Qxd7 5. c4 c6 6. dxc6 Nxc6 7. Nf3 Qd3
8. Qe2 Qxe2+ 9. Kxe2 O-O-O 10. Nc3 e5 11. d3 Nb4 12. Rd1 Bc5 13. Be3 Bxe3 14.
fxe3 Ng4 15. h3 Nc2 16. hxg4 Nxa1 17. Rxa1 f6 18. g5 a6 19. Nd5 b5 20. gxf6
bxc4 21. dxc4 gxf6 22. Nxf6 Rdf8 23. Ne4 Rhg8 24. Rg1 Kc7 25. Nxe5 Re8 26. Nf6
1-0

[Event "DEM U12/U12w 2015"]
[Site "Willingen GER"]
[Date "2015.05.24"]
[Round "1"]
[White "Gutmann, Anna"]
[Black "Huber, Benedikt"]
[Result "0-1"]
[Termination "normal"]
[Board "26"]
[WhiteElo "1303"]
[BlackElo "1729"]
[PlyCount "142"]
[WhiteFideId "16208889"]
[BlackFideId "12923583"]
[EventCountry "GER"]
[EventRounds "11"]
[EventType "swiss"]
[EventDate "2015.05.23"]

1. e4 e6 2. d4 d5 3. Nc3 Nf6 4. Bg5 Bb4 5. exd5 exd5 6. Qf3 Nbd7 7. Nge2 h6 8.
Bh4 O-O 9. O-O-O c6 10. a3 Be7 11. Bxf6 Nxf6 12. h3 b5 13. Na2 Ne4 14. Nec3
Bg5+ 15. Kb1 Nd2+ 16. Rxd2 Bxd2 17. Bd3 Bxc3 18. Nxc3 a5 19. a4 b4 20. Na2 Qb6
21. c3 bxc3 22. Nxc3 Rb8 23. Qe2 Qxd4 24. Qd2 Qb4 25. Rd1 Be6 26. Kc1 d4 27.
Nb1 Qxa4 28. Bc2 Bb3 29. Na3 Bxc2 30. Qxc2 Qxc2+ 31. Kxc2 c5 32. Nc4 Rfe8 33.
Rd2 a4 34. f4 Rb4 35. Na3 Reb8 36. Kc1 Re8 37. Kc2 Rb6 38. Nc4 Rbe6 39. Kd3 f6
40. h4 Rb8 41. g3 Rb3+ 42. Kc2 Rxg3 43. f5 Re1 44. Rf2 Reg1 45. Rd2 R1g2 46.
Nb6 Rxd2+ 47. Kxd2 a3 48. bxa3 Rxa3 49. Nc4 Rf3 50. Nd6 Kf8 51. Ke2 Re3+ 52.
Kd2 Ke7 53. Nc4 Re5 54. Nxe5 fxe5 55. Kd3 Kf6 56. Kd2 c4 57. h5 e4 58. Ke2 c3
59. Kd1 d3 60. Ke1 c2 61. Kd2 e3+ 62. Kc1 e2 63. Kd2 e1=Q+ 64. Kxe1 c1=Q+ 65.
Kf2 Kxf5 66. Kf3 Qf4+ 67. Kg2 Qe3 68. Kh2 Qg5 69. Kh3 Kf4 70. Kh2 Kf3 71. Kh1
Qg2# 0-1

[Event "DEM U12/U12w 2015"]
[Site "Willingen GER"]
[Date "2015.05.24"]
[Round "1"]
[White "Biermann, Florian"]
[Black "Ruppert, Paula"]
[Result "1-0"]
[Termination "normal"]
[Board "27"]
[WhiteElo "1709"]
[BlackElo "1443"]
[PlyCount "95"]
[WhiteFideId "12970069"]
[BlackFideId "12979996"]
[EventCountry "GER"]
[EventRounds "11"]
[EventType "swiss"]
[EventDate "2015.05.23"]

1. d4 f5 2. g3 Nf6 3. Bg2 g6 4. Nf3 Bg7 5. O-O O-O 6. c4 d6 7. Nc3 Qe8 8. d5
Na6 9. Nd4 Rb8 10. Be3 Ng4 11. Bf4 h6 12. e4 Ne5 13. Qe2 g5 14. Bxe5 Bxe5 15.
Nxf5 Bxf5 16. exf5 Rxf5 17. Bh3 Rf8 18. Be6+ Kh8 19. Rae1 Nc5 20. Qg4 Nxe6 21.
Qxe6 Rf6 22. Qg4 Qf7 23. Rxe5 dxe5 24. Ne4 Rf3 25. Kg2 Rf8 26. Qd7 Re3 27. Nc3
Qf3+ 28. Kg1 Rd3 29. Qxe7 e4 30. Nxe4 Re3 31. Qe5+ Kh7 32. Nxg5+ hxg5 33. Qxe3
Qf5 34. Re1 Kh8 35. Qe5+ Qxe5 36. Rxe5 g4 37. Rh5+ Kg7 38. Rg5+ Kf6 39. Rxg4
Ke5 40. Rg7 Rc8 41. h4 Kf6 42. Rd7 Ke5 43. h5 Kf6 44. h6 Kg6 45. h7 Rh8 46.
Rxc7 Rxh7 47. Rxh7 Kxh7 48. d6 1-0

[Event "DEM U12/U12w 2015"]
[Site "Willingen GER"]
[Date "2015.05.24"]
[Round "1"]
[White "Marzisch, Darius"]
[Black "Bosselmann, Tom Linus"]
[Result "0-1"]
[Termination "normal"]
[Board "28"]
[WhiteElo "1499"]
[BlackElo "1720"]
[PlyCount "58"]
[WhiteFideId "12997480"]
[BlackFideId "12983845"]
[EventCountry "GER"]
[EventRounds "11"]
[EventType "swiss"]
[EventDate "2015.05.23"]

1. e4 c5 2. c4 e6 3. Nc3 Nc6 4. Nf3 Nf6 5. d4 cxd4 6. Nxd4 Bb4 7. Nxc6 bxc6 8.
Bd2 Bxc3 9. Bxc3 Nxe4 10. Bxg7 Qa5+ 11. Ke2 Rg8 12. Qc2 Qf5 13. Ke3 Nd6 14. Bd3
Qg5+ 15. Ke2 Qxg7 16. g3 Ba6 17. b3 Qe5+ 18. Kd2 Qd4 19. Ke2 Nf5 20. Rad1 Qg4+
21. f3 Nd4+ 22. Kd2 Qg5+ 23. f4 Qa5+ 24. Qc3 Qxa2+ 25. Ke3 c5 26. Ra1 Qg2 27.
Raf1 Bb7 28. b4 Be4 29. bxc5 Nf5# 0-1

[Event "DEM U12/U12w 2015"]
[Site "Willingen GER"]
[Date "2015.05.24"]
[Round "1"]
[White "Lieberwirth, Kasimir"]
[Black "Truong, Lisa"]
[Result "1/2-1/2"]
[Termination "normal"]
[Board "29"]
[WhiteElo "1638"]
[BlackElo "1264"]
[PlyCount "65"]
[WhiteFideId "12988146"]
[BlackFideId "12983462"]
[EventCountry "GER"]
[EventRounds "11"]
[EventType "swiss"]
[EventDate "2015.05.23"]

1. e4 d5 2. exd5 Qxd5 3. Nc3 Qd6 4. d4 Nf6 5. Nf3 Bg4 6. h3 Bh5 7. g4 Bg6 8.
Ne5 c6 9. Bf4 Qb4 10. Qd2 e6 11. O-O-O Nbd7 12. Bg2 Nd5 13. Bxd5 exd5 14. Rhe1
O-O-O 15. Nxd7 Kxd7 16. Kb1 Be7 17. Re3 h6 18. Rde1 Bf6 19. Qe2 Kc8 20. g5 hxg5
21. Qg4+ Rd7 22. Re8+ Rxe8 23. Rxe8+ Bd8 24. Qxg5 Qxd4 25. Be3 Qf6 26. Qg3 Re7
27. Rh8 d4 28. Rxd8+ Kxd8 29. Qb8+ Kd7 30. Qxb7+ Kd8 31. Qb8+ Kd7 32. Qb7+ Kd8
33. Qb8+ 1/2-1/2

[Event "DEM U12/U12w 2015"]
[Site "Willingen GER"]
[Date "2015.05.24"]
[Round "1"]
[White "Bardorz, Jana"]
[Black "Longo, Massimo"]
[Result "1/2-1/2"]
[Termination "normal"]
[Board "30"]
[WhiteElo "1263"]
[BlackElo "1628"]
[PlyCount "51"]
[WhiteFideId "16208897"]
[BlackFideId "16205227"]
[EventCountry "GER"]
[EventRounds "11"]
[EventType "swiss"]
[EventDate "2015.05.23"]

1. e4 d6 2. d4 Nf6 3. Nc3 e5 4. dxe5 dxe5 5. Qxd8+ Kxd8 6. Bc4 Be6 7. Bxe6 fxe6
8. Nf3 Bd6 9. Bg5 Ke7 10. O-O-O Nc6 11. Rd2 a6 12. Rhd1 h6 13. Bh4 g5 14. Bg3
Rhf8 15. h4 g4 16. Ne1 Nh5 17. Bh2 Rf7 18. f3 g3 19. Bg1 Nf4 20. Ne2 Rg8 21.
Nxf4 exf4 22. a3 a5 23. c4 b6 24. Bxb6 Kf6 25. Bd4+ Nxd4 26. Rxd4 1/2-1/2

[Event "DEM U12/U12w 2015"]
[Site "Willingen GER"]
[Date "2015.05.24"]
[Round "1"]
[White "Paeslack, Luis"]
[Black "Glinzner, Alva"]
[Result "1-0"]
[Termination "normal"]
[Board "31"]
[WhiteElo "1775"]
[BlackElo "1257"]
[PlyCount "95"]
[WhiteFideId "12987760"]
[BlackFideId "16206169"]
[EventCountry "GER"]
[EventRounds "11"]
[EventType "swiss"]
[EventDate "2015.05.23"]

1. e4 c6 2. Nf3 d5 3. Nc3 Bg4 4. exd5 cxd5 5. h3 Bh5 6. Bb5+ Nc6 7. O-O Nf6 8.
d3 e6 9. Re1 Qb6 10. Bg5 Be7 11. Qe2 O-O 12. Bxc6 bxc6 13. Rab1 Rfe8 14. Qe3
Bc5 15. d4 Be7 16. Ne5 Rac8 17. b4 Rc7 18. a3 a5 19. Bxf6 Bxf6 20. Kh1 Be7 21.
b5 c5 22. Na4 cxd4 23. Nxb6 dxe3 24. fxe3 Rxc2 25. Na4 Rb8 26. Nc6 Re8 27.
Nxe7+ Rxe7 28. b6 Rb7 29. Rec1 Rxc1+ 30. Rxc1 h6 31. Rc7 Rxb6 32. Nxb6 Kh7 33.
Ra7 g5 34. Rxa5 Kg6 35. g4 f5 36. gxh5+ Kxh5 37. Nxd5 exd5 38. Rxd5 Kg6 39. a4
g4 40. hxg4 fxg4 41. a5 h5 42. a6 g3 43. a7 h4 44. a8=Q g2+ 45. Kg1 h3 46. Qc6+
Kf7 47. Rd7+ Ke8 48. Qc8# 1-0

[Event "DEM U12/U12w 2015"]
[Site "Willingen GER"]
[Date "2015.05.24"]
[Round "1"]
[White "Ortlepp, Klaudia"]
[Black "Sulayev, Daniel"]
[Result "0-1"]
[Termination "normal"]
[Board "32"]
[WhiteElo "1243"]
[BlackElo "1709"]
[PlyCount "100"]
[WhiteFideId "16206045"]
[BlackFideId "12977675"]
[EventCountry "GER"]
[EventRounds "11"]
[EventType "swiss"]
[EventDate "2015.05.23"]

1. e4 e5 2. Nf3 Nc6 3. d4 exd4 4. Bc4 Nf6 5. O-O Bc5 6. c3 d5 7. exd5 Nxd5 8.
Re1+ Be7 9. Nxd4 Nb6 10. Bb5 Bd7 11. Nxc6 bxc6 12. Bd3 O-O 13. Qh5 g6 14. Qe5
Bf6 15. Qg3 Re8 16. Rxe8+ Qxe8 17. Be3 Nd5 18. Nd2 Nxe3 19. fxe3 Bh4 20. Qf4
Bf6 21. Ne4 Bg7 22. Rf1 Bf5 23. Rf2 Rd8 24. Bc2 Qe7 25. h3 Re8 26. Ng3 Bxc2 27.
Rxc2 Qxe3+ 28. Rf2 Qxf4 29. Rxf4 Be5 30. Re4 Kf8 31. Kf2 Bxg3+ 32. Kf3 Rxe4 33.
Kxe4 Ke7 34. c4 c5 35. Kd5 Bd6 36. Kc6 f5 37. a4 Be5 38. a5 Kd8 39. Kxc5 Kc8
40. b4 Bd6+ 41. Kb5 a6+ 42. Kxa6 Bxb4 43. Kb5 Bxa5 44. Kxa5 Kd7 45. Kb5 Kd6 46.
c5+ Kd5 47. g3 c6+ 48. Kb6 g5 49. Ka5 Kxc5 50. Ka4 f4 0-1

[Event "DEM U12/U12w 2015"]
[Site "Willingen GER"]
[Date "2015.05.24"]
[Round "1"]
[White "Helmer, Jan"]
[Black "Kurzweil, Naemi"]
[Result "1-0"]
[Termination "normal"]
[Board "33"]
[WhiteElo "1691"]
[BlackElo "1232"]
[PlyCount "87"]
[WhiteFideId "12956686"]
[BlackFideId "12985708"]
[EventCountry "GER"]
[EventRounds "11"]
[EventType "swiss"]
[EventDate "2015.05.23"]

1. d4 d5 2. Nf3 c6 3. c4 dxc4 4. e3 b5 5. a4 Bb7 6. b3 a6 7. bxc4 bxa4 8. Qxa4
Nf6 9. Nc3 e6 10. Rb1 Ra7 11. c5 Be7 12. Be2 O-O 13. O-O a5 14. Ba3 Na6 15. Rb2
Nc7 16. Rfb1 Ba8 17. e4 h6 18. Ne5 Nh7 19. f4 Bf6 20. Rd1 Bxe5 21. dxe5 Qh4 22.
g3 Qe7 23. Rd6 Ne8 24. Rd1 f6 25. exf6 Nexf6 26. e5 Rd8 27. Rxd8+ Qxd8 28. exf6
Nxf6 29. Qc4 Bb7 30. Qxe6+ Kh8 31. Qe3 Bc8 32. Rd2 Qf8 33. Qf3 Rc7 34. Bc4 Bg4
35. Qg2 Qe7 36. Qf2 Ne4 37. Nxe4 Qxe4 38. Rd8+ Kh7 39. Bd3 Qxd3 40. Rxd3 Rb7
41. Rd8 Bh3 42. Qc2+ g6 43. Bb2 Re7 44. Rh8# 1-0

[Event "DEM U12/U12w 2015"]
[Site "Willingen GER"]
[Date "2015.05.24"]
[Round "1"]
[White "Zell, Hannah"]
[Black "Köllner, Ruben Gideon"]
[Result "0-1"]
[Termination "normal"]
[Board "34"]
[WhiteElo "1224"]
[BlackElo "1649"]
[PlyCount "92"]
[WhiteFideId "16208900"]
[BlackFideId "12993093"]
[EventCountry "GER"]
[EventRounds "11"]
[EventType "swiss"]
[EventDate "2015.05.23"]

1. e4 d6 2. d4 Nf6 3. Nc3 e5 4. dxe5 dxe5 5. Qxd8+ Kxd8 6. Nf3 Bd6 7. Bc4 Be6
8. Bd3 h6 9. Bd2 Ke7 10. a3 Nbd7 11. O-O g5 12. h3 Rag8 13. Ne2 g4 14. hxg4
Bxg4 15. Ng3 Bxf3 16. gxf3 Bc5 17. b4 Rxg3+ 18. Kh2 Rg7 19. bxc5 Nxc5 20. Bb4
Nfd7 21. Rg1 Rhg8 22. Rxg7 Rxg7 23. Rg1 Rxg1 24. Kxg1 b6 25. Kg2 a5 26. Bd2
Nxd3 27. cxd3 Nc5 28. Kg3 h5 29. Be3 Nxd3 30. Kh4 c5 31. Kxh5 b5 32. Kg4 b4 33.
axb4 axb4 34. Kg3 b3 35. f4 exf4+ 36. Bxf4 Nxf4 37. Kxf4 b2 38. f3 b1=Q 39. Ke3
c4 40. Kd4 Qd3+ 41. Kc5 c3 42. Kb4 c2 43. e5 c1=R 44. f4 Qc4+ 45. Ka5 Rb1 46.
f5 Qb5# 0-1

[Event "DEM U12/U12w 2015"]
[Site "Willingen GER"]
[Date "2015.05.24"]
[Round "1"]
[White "Rudolph, Eva"]
[Black "Knape, Albert"]
[Result "1-0"]
[Termination "normal"]
[Board "35"]
[WhiteElo "1573"]
[BlackElo "1222"]
[PlyCount "136"]
[WhiteFideId "16200594"]
[BlackFideId "16208919"]
[EventCountry "GER"]
[EventRounds "11"]
[EventType "swiss"]
[EventDate "2015.05.23"]

1. e4 e5 2. Nf3 Nc6 3. d4 exd4 4. Bc4 h6 5. O-O Bc5 6. c3 d3 7. Qxd3 d6 8. a4
a6 9. Be3 Bxe3 10. Qxe3 Nf6 11. e5 Ng4 12. Qe4 Ngxe5 13. Nxe5 dxe5 14. Bd5 Qd6
15. Nd2 f6 16. Qg6+ Kd8 17. Qxg7 Qf8 18. Qg6 Ne7 19. Qd3 Nxd5 20. Qxd5+ Qd6 21.
Qf3 Ke7 22. Qe2 Rg8 23. Kh1 Kf7 24. Ne4 Qc6 25. f3 Be6 26. Nd2 Rg7 27. Qe4 Bd5
28. Qh4 Rag8 29. Rf2 Rg6 30. c4 Be6 31. Qe4 Qxe4 32. fxe4 Ke7 33. h3 Rd8 34.
Rd1 Bxc4 35. Rc1 Be6 36. Rxc7+ Rd7 37. Rxd7+ Bxd7 38. a5 Bb5 39. Rf3 Kd6 40. b4
Ke6 41. Nb3 Bc6 42. Nc5+ Ke7 43. Kh2 Kf7 44. Rg3 Rxg3 45. Kxg3 h5 46. Kh4 Kg6
47. g4 hxg4 48. Kxg4 Bb5 49. Nxb7 Be2+ 50. Kg3 f5 51. exf5+ Kxf5 52. Kf2 Bb5
53. Nd6+ Ke6 54. Nxb5 axb5 55. a6 Kd5 56. a7 Kc4 57. a8=Q Kxb4 58. Qe4+ Kb3 59.
Qxe5 b4 60. Ke2 Kc2 61. Qc5+ Kb3 62. Kd3 Kb2 63. Qxb4+ Kc1 64. Kc3 Kd1 65. Qb2
Ke1 66. Kd3 Kf1 67. Ke3 Kg1 68. Kf3 Kh1 1-0

[Event "DEM U12/U12w 2015"]
[Site "Willingen GER"]
[Date "2015.05.24"]
[Round "1"]
[White "Abele, Anais"]
[Black "Grabbel, Lennart"]
[Result "0-1"]
[Termination "normal"]
[Board "36"]
[WhiteElo "1210"]
[BlackElo "1584"]
[PlyCount "140"]
[WhiteFideId "16208927"]
[BlackFideId "16201620"]
[EventCountry "GER"]
[EventRounds "11"]
[EventType "swiss"]
[EventDate "2015.05.23"]

1. e4 c5 2. d4 cxd4 3. c3 dxc3 4. Nxc3 Nc6 5. Nf3 e6 6. Bc4 a6 7. O-O Bb4 8.
Bg5 Qc7 9. Bb3 h6 10. Bd2 Nf6 11. Qe2 d6 12. Rfd1 O-O 13. Rac1 Bc5 14. Na4 Ba7
15. Be3 Bb8 16. Nc3 b5 17. Nd5 exd5 18. exd5 Nd4 19. Bxd4 Qd8 20. h3 Bb7 21.
Bc3 Ba7 22. Qd3 Re8 23. Re1 Nd7 24. Bc2 g6 25. Qd2 Kh7 26. Rxe8 Qxe8 27. Re1
Qf8 28. a3 Nb6 29. Bb3 f5 30. Ba5 Nd7 31. Qe2 Nc5 32. Qe7+ Kg8 33. Qxf8+ Kxf8
34. Bc2 Bxd5 35. Nd2 Ne6 36. Bb3 Bxb3 37. Nxb3 Ke7 38. Bc3 Kd7 39. Rd1 Nc5 40.
Nxc5+ Bxc5 41. Kf1 Re8 42. g3 Kc6 43. Rc1 Kd7 44. Rd1 Ke7 45. Re1+ Kf7 46. Rxe8
Kxe8 47. Ke2 Kf7 48. f4 h5 49. b4 Bb6 50. Kf3 Ke6 51. g4 d5 52. gxh5 gxh5 53.
Kg3 Bd8 54. Bb2 Bc7 55. Kf3 Bb6 56. Ke2 d4 57. Kd3 Kd5 58. Ba1 Bc7 59. Bxd4
Bxf4 60. Bb2 Be5 61. Bxe5 Kxe5 62. Ke3 f4+ 63. Kf3 Kf5 64. Kf2 Ke4 65. Ke2 f3+
66. Kf2 h4 67. Kg1 Ke3 68. Kf1 f2 69. a4 bxa4 70. b5 axb5 0-1

[Event "DEM U12/U12w 2015"]
[Site "Willingen GER"]
[Date "2015.05.24"]
[Round "1"]
[White "Wu, Luka"]
[Black "Fischer, Laura"]
[Result "1-0"]
[Termination "normal"]
[Board "37"]
[WhiteElo "1580"]
[BlackElo "1207"]
[PlyCount "79"]
[WhiteFideId "12977420"]
[BlackFideId "16208935"]
[EventCountry "GER"]
[EventRounds "11"]
[EventType "swiss"]
[EventDate "2015.05.23"]

1. e4 e5 2. Nf3 Nc6 3. Bb5 d6 4. d4 Bg4 5. dxe5 Bxf3 6. Qxf3 dxe5 7. Qc3 Bb4 8.
Bxc6+ bxc6 9. Qxb4 Nf6 10. Qc5 Qd6 11. Qxd6 cxd6 12. Nc3 O-O-O 13. Bg5 d5 14.
exd5 cxd5 15. O-O-O d4 16. Bxf6 gxf6 17. Nb5 a6 18. Na3 e4 19. Rhe1 f5 20. Nc4
Kc7 21. Ne5 Rhf8 22. g4 f6 23. Nc4 d3 24. cxd3 Rd4 25. b3 Rfd8 26. dxe4 fxe4
27. Rxd4 Rxd4 28. Rd1 Rxd1+ 29. Kxd1 Kc6 30. Ke2 Kc5 31. Ke3 Kd5 32. Nd2 Ke5
33. Nxe4 f5 34. f4+ Ke6 35. gxf5+ Kxf5 36. Ng3+ Kf6 37. b4 Ke7 38. a4 Kd6 39.
b5 axb5 40. axb5 1-0

[Event "DEM U12/U12w 2015"]
[Site "Willingen GER"]
[Date "2015.05.24"]
[Round "1"]
[White "Wu, Leon"]
[Black "Goltser, Ilja"]
[Result "1-0"]
[Termination "normal"]
[Board "39"]
[WhiteElo "1574"]
[BlackElo "1164"]
[PlyCount "111"]
[WhiteFideId "12977438"]
[BlackFideId "14174782"]
[EventCountry "GER"]
[EventRounds "11"]
[EventType "swiss"]
[EventDate "2015.05.23"]

1. e4 e6 2. d4 d5 3. Nc3 Bb4 4. e5 c5 5. a3 Bxc3+ 6. bxc3 Ne7 7. Bd3 Qc7 8. Nf3
Nbc6 9. Bd2 Bd7 10. Be3 Ng6 11. O-O c4 12. Be2 O-O-O 13. a4 Rdg8 14. a5 Nxa5
15. Bc1 b6 16. Ba3 f6 17. Bd6 Qb7 18. Ra2 fxe5 19. dxe5 Nf4 20. Nd4 h5 21. Qa1
Nxe2+ 22. Nxe2 g5 23. Rb1 Nc6 24. Nd4 Kd8 25. Nxc6+ Qxc6 26. Rxa7 Ke8 27. Ra6
Kf7 28. Rbxb6 Qc8 29. Ra7 Kg6 30. Rbb7 Rg7 31. Qb1 Rhh7 32. Rc7 Qe8 33. Qb7 Qf7
34. Qb1 Qf4 35. Ra8 Rf7 36. Qe1 h4 37. Rg8+ Rhg7 38. Rxg7+ Kxg7 39. Ra7 g4 40.
g3 hxg3 41. fxg3 Qf5 42. Qe2 Qg5 43. Bc5 Be8 44. Ra6 Bd7 45. Be3 Qf5 46. Bf4
Qh5 47. Ra1 Bc8 48. Qe3 Bb7 49. Qd4 Kg6 50. Rb1 Rh7 51. Qd2 Qf5 52. Qe2 Qh5 53.
Rd1 Rd7 54. Rd4 Ba8 55. Bd2 Ra7 56. Rxg4+ 1-0

[Event "DEM U12/U12w 2015"]
[Site "Willingen GER"]
[Date "2015.05.24"]
[Round "1"]
[White "Zha, Kevin"]
[Black "Grund, Sebastian"]
[Result "0-1"]
[Termination "normal"]
[Board "40"]
[WhiteElo "1154"]
[BlackElo "1810"]
[PlyCount "132"]
[WhiteFideId "16208951"]
[BlackFideId "12988626"]
[EventCountry "GER"]
[EventRounds "11"]
[EventType "swiss"]
[EventDate "2015.05.23"]

1. e4 c5 2. Nf3 a6 3. d4 cxd4 4. Nxd4 Nf6 5. Nc3 Qc7 6. Bd3 e6 7. f4 Bb4 8. Bd2
Bxc3 9. bxc3 d5 10. e5 Nfd7 11. Qe2 Nc6 12. Nxc6 bxc6 13. O-O c5 14. c4 d4 15.
c3 Bb7 16. cxd4 cxd4 17. Bb4 Nc5 18. Bxc5 Qxc5 19. f5 exf5 20. Rxf5 O-O 21. Qh5
Qc6 22. Rf2 g6 23. Qh4 Rfe8 24. Qxd4 Rad8 25. Qe3 Qc7 26. Re1 Qa5 27. h3 Rxd3
28. Qe2 Ra3 29. Ref1 Rg3 30. Kh2 Qc3 31. c5 Re3 32. Qd1 Qxe5+ 33. Kg1 Qxc5 34.
Qd7 R3e7 35. Qg4 Re2 36. Qf4 Rxf2 37. Rxf2 Re1+ 38. Kh2 Qe5 39. Qxe5 Rxe5 40.
g4 Bc6 41. h4 Bb5 42. Rg2 Re2 43. Rxe2 Bxe2 44. Kg3 f5 45. g5 Kf7 46. Kf4 Ke6
47. a3 Kd5 48. a4 a5 49. Ke3 Bd1 50. Kd3 Bxa4 51. Kc3 Bb5 52. Kb3 a4+ 53. Kb4
Ke4 54. Kxb5 a3 55. Kb4 a2 56. Kc5 a1=Q 57. Kd6 Qd4+ 58. Kc6 Qd5+ 59. Kb6 Kd4
60. h5 Qc5+ 61. Kb7 Kd5 62. hxg6 Qc6+ 63. Kb8 Kc5 64. Ka7 Qb6+ 65. Ka8 Kc6 66.
gxh7 Qb7# 0-1

[Event "DEM U12/U12w 2015"]
[Site "Willingen GER"]
[Date "2015.05.24"]
[Round "1"]
[White "Bui, Ngoc Han Julia"]
[Black "Delgado, Celina"]
[Result "1-0"]
[Termination "normal"]
[Board "41"]
[WhiteElo "1596"]
[BlackElo "1153"]
[PlyCount "57"]
[WhiteFideId "12977055"]
[BlackFideId "12993735"]
[EventCountry "GER"]
[EventRounds "11"]
[EventType "swiss"]
[EventDate "2015.05.23"]

1. e4 e5 2. Nf3 Nc6 3. Bc4 Bc5 4. O-O Nf6 5. d4 exd4 6. e5 Ng8 7. c3 dxc3 8.
Qd5 Qe7 9. Nxc3 d6 10. exd6 Bxd6 11. Bb5 Qd7 12. Re1+ Be7 13. Ne5 Qe6 14. Qxe6
Bxe6 15. Nxc6 Bd7 16. Nxe7 Nxe7 17. Bxd7+ Kxd7 18. Bf4 Rhe8 19. Red1+ Kc8 20.
Rac1 c6 21. h3 Rd8 22. Rxd8+ Kxd8 23. Rd1+ Ke8 24. Kf1 Ng6 25. Bg3 Ke7 26. Ke2
Re8 27. Kf3 Kf6 28. Ne4+ Ke7 29. Nc5 1-0

[Event "DEM U12/U12w 2015"]
[Site "Willingen GER"]
[Date "2015.05.24"]
[Round "1"]
[White "Breitzmann, Sander"]
[Black "Sinnhöfer, Lilian"]
[Result "1-0"]
[Termination "normal"]
[Board "43"]
[WhiteElo "1415"]
[BlackElo "1106"]
[PlyCount "119"]
[WhiteFideId "12987085"]
[BlackFideId "12977586"]
[EventCountry "GER"]
[EventRounds "11"]
[EventType "swiss"]
[EventDate "2015.05.23"]

1. e4 e5 2. Nf3 Nc6 3. Bc4 Bc5 4. c3 Nf6 5. d3 d6 6. O-O O-O 7. Bb3 Qe7 8. Nbd2
a6 9. h3 Nh5 10. Re1 Nf4 11. Nf1 Qf6 12. Bxf4 Qxf4 13. Ne3 Qf6 14. Nd5 Qd8 15.
d4 Ba7 16. Qd2 Na5 17. Ne3 Nxb3 18. axb3 c6 19. dxe5 dxe5 20. Qxd8 Rxd8 21.
Nxe5 Re8 22. Rad1 Bxh3 23. Nxf7 Kxf7 24. gxh3 Rxe4 25. Rd7+ Re7 26. Rxe7+ Kxe7
27. Nf5+ Kf6 28. Nd6 Rb8 29. Re2 Bc5 30. Ne4+ Kf7 31. Nxc5 h6 32. Kg2 a5 33.
Kf3 b6 34. Nd7 Rb7 35. Ne5+ Kf6 36. Nxc6 Rc7 37. Nd4 Rc5 38. Re6+ Kf7 39. Rxb6
Rh5 40. Kg3 Rg5+ 41. Kh2 h5 42. Rb5 Rxb5 43. Nxb5 Ke6 44. c4 Kd7 45. Kg3 Kc6
46. Nc3 Kc5 47. Nd5 Kd6 48. Kf4 Kc6 49. Ke4 Kc5 50. h4 Kc6 51. Kd4 Kb7 52. Kc5
Kc8 53. Kc6 g6 54. Nb6+ Kb8 55. c5 g5 56. hxg5 a4 57. g6 a3 58. g7 Ka7 59. g8=R
axb2 60. Ra8# 1-0

[Event "DEM U12/U12w 2015"]
[Site "Willingen GER"]
[Date "2015.05.24"]
[Round "1"]
[White "Peters, Malte"]
[Black "Knüdel, Torben"]
[Result "0-1"]
[Termination "normal"]
[Board "44"]
[WhiteElo "1007"]
[BlackElo "1553"]
[PlyCount "90"]
[WhiteFideId "16208978"]
[BlackFideId "16208820"]
[EventCountry "GER"]
[EventRounds "11"]
[EventType "swiss"]
[EventDate "2015.05.23"]

1. e4 c5 2. c3 g6 3. d4 cxd4 4. cxd4 Bg7 5. Nf3 d6 6. Nc3 Bg4 7. Bb5+ Nd7 8.
Be3 a6 9. Bc4 e6 10. h3 Bxf3 11. Qxf3 Rc8 12. Bd3 Ne7 13. O-O O-O 14. Rac1 Kh8
15. Rfd1 e5 16. d5 f5 17. Qe2 f4 18. Bd2 Nc5 19. f3 Qd7 20. Bc4 b5 21. Bd3 b4
22. Nb1 Rb8 23. Bxa6 Qa7 24. Bc4 Nxe4+ 25. Kh2 Ng3 26. Qe1 e4 27. Bxb4 exf3 28.
Bxd6 Rxb2 29. Rd2 Rxd2 30. Nxd2 fxg2 31. Kxg2 Nef5 32. Bxf8 Bxf8 33. Qe5+ Ng7
34. Qxf4 N3f5 35. Rb1 Bd6 36. Qf2 Qe7 37. Kg1 Nh5 38. Kh1 Nhg3+ 39. Kg1 Bc5 40.
Rb8+ Kg7 41. Rg8+ Kh6 42. d6 Bxf2+ 43. Kxf2 Qe3+ 44. Kg2 Nh4+ 45. Kh2 Qf2# 0-1

[Event "DEM U12/U12w 2015"]
[Site "Willingen GER"]
[Date "2015.05.24"]
[Round "1"]
[White "Rietschel, Tilo"]
[Black "Fuchs, Emily"]
[Result "1-0"]
[Termination "normal"]
[Board "45"]
[WhiteElo "1549"]
[BlackElo "946"]
[PlyCount "75"]
[WhiteFideId "16208390"]
[BlackFideId "16208986"]
[EventCountry "GER"]
[EventRounds "11"]
[EventType "swiss"]
[EventDate "2015.05.23"]

1. e4 e5 2. Nf3 Nc6 3. Bb5 d6 4. h3 Bd7 5. c3 Qe7 6. O-O a6 7. Ba4 g6 8. d4 Bg7
9. Re1 Qf6 10. Bg5 b5 11. Bb3 Be6 12. d5 Na5 13. Bxf6 Bxf6 14. dxe6 Ne7 15.
exf7+ Kf8 16. Be6 Rd8 17. Nbd2 c6 18. Nb3 Nc4 19. Bxc4 bxc4 20. Nbd2 Kxf7 21.
Nxc4 d5 22. Ncxe5+ Kg7 23. Qb3 Rb8 24. Qc2 Rhd8 25. exd5 Rxd5 26. Rad1 Rdb5 27.
b3 Nd5 28. c4 Rc5 29. Qd2 Nb6 30. Nd7 Rd8 31. Nxc5 Rxd2 32. Rxd2 Bc3 33. Re7+
Kf6 34. Rde2 Nc8 35. R2e6+ Kf5 36. g4+ Kf4 37. Rf7+ Bf6 38. Rexf6# 1-0